Fyzikálno-chemické ovplyvňovania kvality papiera habilitačná práca
Saved in:
| Main Author: | |
|---|---|
| Format: | Book |
| Language: | Slovak |
| Published: |
Bratislava
STU FCHPT
2013
|
| Online Access: | View in OPAC |
| Tags: |
No Tags, Be the first to tag this record!
|
MARC
| LEADER | 00000nam a2200000 a 4500 | ||
|---|---|---|---|
| 005 | 20260127133945.0 | ||
| 008 | 150302 2013 000 0 slo d | ||
| 035 | |a vtls010657934 | ||
| 039 | 9 | |y 201503021200 |z mschk03 | |
| 040 | |a STUSCHK1 |b slo |c STUSCHK1 |e AACR2 | ||
| 100 | 1 | |a Šutý, Štefan | |
| 245 | 1 | |a Fyzikálno-chemické ovplyvňovania kvality papiera |b habilitačná práca |c Štefan Šutý | |
| 260 | |a Bratislava |b STU FCHPT |c 2013 | ||
| 300 | |a 85 s. |b il. |c 30 cm | ||
| 500 | |a Obhájené: 19.9.2013 | ||
| 910 | |a SCHK95 | ||
| 999 | |c 877 |d 877 | ||